000 00571cam a22002171 4500
001 6564859
005 20180117035406.0
008 750707s1962 xx 000 0 eng
010 _a 62003475
035 _a(OCoLC)1432257
040 _aDLC
_cFO
_dDLC
041 _aeng
042 _apremarc
080 _a641.5 GAR
082 _a641.5 GAR
100 _a10
101 _aNUT
245 1 0 _aBetter homes and gardens new cook book,
906 _a7
_bcbc
_coclcrpl
_du
_encip
_f19
_gy-gencatlg
942 _2ddc
_cBK
999 _c40406
_d40406